Informovanie zamestnancov ako nástroj zvyšovania kultúry bezpečnosti

Salvato in:
Dettagli Bibliografici
Autore principale: Moravanský, Milan (Autore)
Altri autori: Čekan, Pavol (Relatore della tesi)
Natura: Manoscritto Libro
Lingua:slovacco
Pubblicazione: 2017
Soggetti:
Accesso online:http://is.stuba.sk/zp/portal_zp.pl?podrobnosti=126811
Tags: Aggiungi Tag
Nessun Tag, puoi essere il primo ad aggiungerne!!

MARC

LEADER 00000ntm a22000003a 4500
001 stuzp63260
003 SK-STU
005 20170603210457.4
007 ta
008 150427s2015----xo-----f-mn---000-0-slo-d
040 |a STU  |b slo 
041 0 |a slo 
100 1 |a Moravanský, Milan  |u 065000  |4 aut  |U MTF Materiálovotechnologická fakulta  |T MTF Ústav integrovanej bezpečnosti  |X 82008  |U M5000  |Y 85  |7 82008 
242 0 1 |a Employees information as a tool to enhance safety culture  |y eng 
245 1 0 |a Informovanie zamestnancov ako nástroj zvyšovania kultúry bezpečnosti 
260 |c 2017 
650 4 |a kultúra bezpečnosti  |2 slo 
650 4 |a radiačná ochrana  |2 slo 
650 4 |a jadrová bezpečnosť  |2 slo 
650 4 |a informovanie  |2 slo 
650 4 |a safety culture  |2 eng 
650 4 |a radiation protection  |2 eng 
650 4 |a nuclear safety  |2 eng 
650 4 |a information  |2 eng 
700 1 |a Čekan, Pavol  |u 065200  |k Z1  |4 ths  |U MTF Ústav integrovanej bezpečnosti  |T MTF Katedra bezpečnostného inžinierstva  |X 66185  |U M5200  |Y 192  |7 A000066185 
856 4 |u http://is.stuba.sk/zp/portal_zp.pl?podrobnosti=126811 
996 |c M* DP-13158  |l MMSKP  |s P  |a 0  |w stuzp63260_0001